000 01005nam a2200241 a 4500
001 47886
003 BD-RjUL
005 20211209054421.0
008 160810r20001990ii ||||| |||| 00| 0 ben d
020 _a8175222824
035 _a(BD-RjUL)48005
040 _aBD-RjUL
_bben
_cBD-RjUL
_dBD-RjUL
041 _aben
082 _223
_a891.4409
_bSEV 2000
100 _aসেন, ক্ষিতি মোহন
_9145344
245 1 0 _aভারতে হিন্দু-মুসল্মান যুক্ত সাধনা /
_cক্ষিতি মোহন সেন
250 _aসং.
260 _aকলকাতা :
_bবিশ্বভারতী গ্রন্থনবিভাগ,
_c১৯৯০[পূণ মুদ্রণ ২০০০]
300 _a১৩৮ পৃ. ;
_c১৭ সেমি.
650 _aবাংলা সাহিত্য
_vইতিহাস ও সমালোচনা
_9117445
650 _aBangla Literature
_vHistory and Criticism
_9135419
942 _2ddc
_cBK
999 _c47886
_d47886